Notas sobre derecho y lenguaje

Zapisane w:
Opis bibliograficzny
1. autor: Carrió, Genaro R (Autor)
Format: Książka
Język:hiszpański
Wydane: Buenos Aires Abeledo-Perrot 1990
Wydanie:4a. ed
Hasła przedmiotowe:
Etykiety: Dodaj etykietę
Nie ma etykietki, Dołącz pierwszą etykiete!

MARC

LEADER 00000nam a2200000 a 4500
001 UCV3511
003 CL-VaPUC
008 930819e19900000AG |||||||||||||||||spa|d
082 0 4 |a 340.1  |b CAR  |2 21 
100 |a Carrió, Genaro R  |e author  |9 297754 
245 1 0 |a Notas sobre derecho y lenguaje 
250 |a 4a. ed 
300 |a 416 p 
942 |c BK 
945 |d 19930819 00:00:00 
260 |a Buenos Aires  |b Abeledo-Perrot  |c 1990 
650 0 |a Filosofía del derecho   |9 255050 
650 7 |a LINGUISTICA JURIDICA  |2 CL-VaPUC  |9 257369 
583 |a last modification  |c 20161027 10:50:50  |k Rodrigo Vera 
999 |c 210688  |d 210686 
952 |0 0  |1 0  |4 0  |6 340_100000000000000_CAR_1990  |7 0  |8 DER_TF  |9 187114  |a BIBDER  |b BIBDER  |d 2019-11-14  |i 254816K  |l 8  |m 7  |o 340.1 CAR 1990  |p 254816K  |r 2023-12-11  |s 2022-12-02  |w 2019-11-14  |x Ubicación 4to Piso  |y BK  |z Estos recursos deben solicitarse con anticipación  |k DER